000 00309nam a2200133Ia 4500
008 190216s9999||||xx |||||||||||||| ||und||
100 _aSoftley. Tp
245 0 _aAtomic Spectra
250 _a1st Ed.
260 _bOxford University Press
_c1996
300 _a91
650 _aChemistry-Chemistry
942 _cBK
999 _c2981
_d2981